La polimorfia de Cristo: su utilización en la literatura cristiana antigua siglos I al III

Saved in:
Bibliografiske detaljer
Hovedforfatter: Prieto Fernández, Francisco José (Author)
Format: Bog
Sprog:spansk
Udgivet: Salamanca Universidad Pontificia de Salamanca 2009
Udgivelse:1a. ed
Serier:Universidad Pontificia de Salamanca, tesis 77
Fag:
Tags: Tilføj Tag
Ingen Tags, Vær først til at tagge denne postø!

MARC

LEADER 00000nam a2200000 a 4500
001 UCH3024
003 CL-VaPUC
008 090709e20090000SP |||||||||||||||||spa|d
020 |a 9788472998391 
082 0 4 |a 237.956  |b PRI  |2 21 
100 0 |a Prieto Fernández, Francisco José  |e author  |9 538154 
245 1 3 |a La polimorfia de Cristo: su utilización en la literatura cristiana antigua siglos I al III 
250 |a 1a. ed 
300 |a 108 p 
942 |c BK 
945 |d 20090709 00:00:00  |a dcastane 
260 |a Salamanca  |b Universidad Pontificia de Salamanca  |c 2009 
500 |a Extracto de la tesis presentada para la obtención del grado de Doctor. Profesor Guía Trevijano Etcheverría, Ramón 
600 0 |a Jesucristo  |9 481811 
650 0 |a Cristología   |9 315091 
650 7 |a TRANSFIGURACION DE CRISTO  |2 CL-VaPUC  |9 538155 
583 |a last modification  |c 20090709 00:00:00  |k Rodrigo Vera 
490 0 |a Universidad Pontificia de Salamanca, tesis 77 
999 |c 334681  |d 334679 
952 |0 0  |1 0  |4 0  |6 237_956000000000000_PRI_2009  |7 0  |8 A  |9 423813  |a BIBTEO  |b BIBTEO  |d 2019-11-22  |i 4571223  |o 237.956 PRI 2009  |p 4571223  |r 2025-01-17  |w 2019-11-22  |y BK  |k ICR